000 00920cam a22002895a 4500
001 016871782
003 OSt
005 20151029144658.0
008 140922t2015 enka fr 001 0 eng d
020 _a9780273793397 (paperback)
020 _a027379339X (paperback)
040 _aUk
_beng
_cUk
_dEG-ScBUE
082 0 4 _a006.76
_bDEI
_222
100 1 _aDeitel, Paul J.
_938609
245 1 0 _aAndroid :
_bhow to program /
_cPaul Deitel, Harvey Deitel, Abbey Deitel.
250 _a2nd ed. Global ed.
260 _aHarlow :
_bPearson Education Limited,
_cc.2015.
300 _a728 p. :
_bill. ;
_c24 cm.
500 _aIndex : p. 709-728.
650 7 _2BUEsh
_94599
_aApplication software
_xDevelopment.
650 0 _aAndroid (Electronic resource)
_927549
_2BUEsh
651 _2BUEsh
653 _bCOMSCI
_cJune2015
_cOctober2015
700 1 _aDeitel, Harvey
700 1 _aDeitel, Abbey
_932791
942 _2ddc
_k005.437 AND
999 _c19934
_d19906